000 00484nam a2200181Ia 4500
001 20959
003 GE_BSU
008 181216s||||||||xx |||||||||||||| ||und||
040 _cGE_BSU
245 _aParis Match, du 29 dec. 2016 au 4 janv. №3528. 2017
260 _aParis
260 _c2017
300 _a114p. 30cm. ill.
653 _aParis Match, du 29 dec. 2016 au 4 janv. №3528. 2017
653 _aПериодика
653 _aპერიოდიკა
942 _cCR
999 _c53908
_d53908